| 000 | 01580cam a22002533a 4500 | ||
|---|---|---|---|
| 001 | 1610 | ||
| 003 | PGUSA | ||
| 005 | 20140828083003.0 | ||
| 008 | 990101s1999||||xxu|||||s|||||000 | eng d | ||
| 040 |
_aPGUSA _beng |
||
| 042 | _adc | ||
| 050 | 4 | _aBS | |
| 245 | 1 | 4 |
_aThe Bible, Douay-Rheims, Old Testament — Part 2 _h[electronic resource] |
| 260 |
_bProject Gutenberg, _c1999 |
||
| 500 | _aOld Testament Part 2 is vol II of III. See also Complete (vol I-III) PG#8300 and Complete version (vol I-III with Appendices) PG#1581 and OT (vol I) PG#1609 and NT (vol III) PG#1582 | ||
| 505 | 0 | _aThe Second Part of the Old Testament: Book of Psalms -- Book of Proverbs -- Ecclesiastes -- Solomon's Canticle of Canticles -- Book of Wisdom -- Ecclesiasticus -- Prophecy of Isaias -- Prophecy of Jeremias -- Lamentations of Jeremias -- Prophecy of Baruch -- Prophecy of Ezechiel -- Prophecy of Daniel -- Prophecy of Osee -- Prophecy of Joel -- Prophecy of Amos -- Prophecy of Abdias -- Prophecy of Jonas -- Prophecy of Micheas -- Prophecy of Nahum -- Prophecy of Habacuc -- Prophecy of Sophonias -- Prophecy of Aggeus -- Prophecy of Zacharias -- Prophecy of Malachias -- First Book of Machabees -- Second Book of Machabees -- Appendices: The Prayer of Manasses -- The Third Booke of Esdras -- The Fourth Booke of Esdras -- The Prophecie of Abdias. | |
| 506 | _aPublic domain in the USA. | ||
| 516 | _aElectronic text | ||
| 653 | _aReligion | ||
| 653 | _aBible. Old Testament | ||
| 830 | 0 |
_aProject Gutenberg _v1610 |
|
| 856 | 4 | 0 | _uhttp://www.gutenberg.org/ebooks/1610 |
| 942 | _cEB | ||
| 999 |
_c230958 _d230958 |
||